| 000 | 00654nam a22002417a 4500 | ||
|---|---|---|---|
| 003 | UA-OsUOA | ||
| 001 | 82999 | ||
| 007 | ta | ||
| 008 | 20120327b un ||||| |||| 00| 0 ukr d | ||
| 100 | _aАбдулін А.А. | ||
| 700 | _aСитник О. М. | ||
| 700 | _aСаюсанов Л.І. | ||
| 090 |
_a32 _bА13 |
||
| 942 | _cSA | ||
| 040 |
_aUA-OsUOA _bukr _cUA-OsUOA _dUA-OsUOA |
||
| 245 | _aЗлочинна сутність нацизму як тоталітарної й расистської ідеології | ||
| 300 | _aС.3-10 | ||
| 955 | _a0 | ||
| 041 | _aukr | ||
| 080 | _a32 | ||
| 773 | 0 | _w82998 | |
| 650 | 7 |
_a32 Політика _2UDC |
|
| 999 |
_c369335 _d369335 |
||